01131nam a2200337 i 450000100060000000300090000600500170001500800390003201500170007103500210008804000280010904100080013704600090014508000100015465000160016471000410018010000330022124500980025426000590035230000470041138000170045838800140047538800140048949000380050350000540054165000140059565000140060970000340062383000380065785600980069526360KOSZ 00520190723115331.0070608s1971 pl a f |000 0 pol aPB 1971/3664 a(OCoLC)802130482 aWA NcWA NdKOSZ 005/EC apol k1971 a663.9 4aTechnologia2 aWydawnictwa Naukowo-Techniczne4pbl.1 aBarlińska, Henryka.eAutor10aWytwarzanie korpusów i nadzień do wyrobów czekoladowych /cH. Barlińska, W. Nawalany. aWarszawa :bWydawnictwa Naukowo-Techniczne,cdr. 1971. a196, [4] s., [2] k. tabl. :bil. ;c23 cm. aKsiążki. a1901-2000 a1945-19891 aBiblioteka Piekarza i Cukiernika. aNa okł. inicjał imienia drugiego aut. mylnie M. 4aSłodycze 4aCzekolada1 aNawalany, Władysław.eAutor 0aBiblioteka Piekarza i Cukiernika. uhttp://koha.tu.koszalin.pl/cgi-bin/koha/opac-detail.pl?biblionumber=26360yKatalog online BPK